000 00946nas a2200325 4500
001 BR9701861
003 BR-BrBNA
005 20231205100125.0
007 ta
008 230509b bl.|||p| |||| 00| 00por d
040 _aBR-BrBNA
_bpor
_cBiblioteca Nacional de Agricultura
041 _a(Pt)
072 _aF04
100 1 _aFlaresso, J.A.
100 1 _aGross, C.D.
100 1 _aAlmeida, E.X. de
245 1 _aRespostas de Euchlaena mexicana Schrad. a aplicacao de calcario, nitrogenio, fosforo e potassio
650 _aTeosinto
650 _aAdubacao
650 _aCalagem
650 _aMateria Seca
650 _aRendimento
650 _aCalcario
650 _aNitrogenio
650 _aFosforo
650 _aPotassio
773 0 _tRevista da Sociedade Brasileira de Zootecnia (Brazil)
_xISSN 0100-4859
_g(Jul-Aug 1996), v. 25(4) p. 605-615
_wBR9701861
909 _a202311
_bLúcia
_c55
_dLúcia Elande
942 _2AGRIS
_n0
_cANA
999 _c154419
_d154419